[Event "DEM U14w 2023"]
[Site "Willingen GER"]
[Date "2023.06.03"]
[Round "9"]
[White "Hergenröder, Cora"]
[Black "Rabe, Elina"]
[Result "1-0"]
[Termination "normal"]
[Board "11"]
[WhiteElo "1466"]
[BlackElo "1066"]
[WhiteClock "00:06:42"]
[BlackClock "00:15:31"]
[PlyCount "51"]
[WhiteFideId "34603700"]
[BlackFideId "34623531"]
[EventCountry "GER"]
[EventRounds "9"]
[EventType "swiss"]
[EventDate "2023.05.27"]

1. d4 {[%clk 01:30:59]} d5 {[%clk 01:30:52]} {[%emt 00:00:08]} 2. c4 {[%clk
01:31:25]} {[%emt 00:00:06]} e6 {[%clk 01:31:16]} {[%emt 00:00:05]} 3. cxd5
{[%clk 01:31:51]} {[%emt 00:00:04]} exd5 {[%clk 01:31:33]} {[%emt 00:00:13]} 4.
Nc3 {[%clk 01:32:17]} {[%emt 00:00:03]} Nf6 {[%clk 01:31:04]} {[%emt 00:01:00]}
5. Bg5 {[%clk 01:32:42]} {[%emt 00:00:04]} Be7 {[%clk 01:31:06]} {[%emt
00:00:28]} 6. e3 {[%clk 01:33:07]} {[%emt 00:00:06]} Bf5 {[%clk 01:30:52]}
{[%emt 00:00:44]} 7. Bd3 {[%clk 01:25:51]} {[%emt 00:07:45]} Bxd3 {[%clk
01:30:03]} {[%emt 00:01:18]} 8. Qxd3 {[%clk 01:26:15]} {[%emt 00:00:08]} Nbd7
{[%clk 01:28:33]} {[%emt 00:02:00]} 9. Nge2 {[%clk 01:26:07]} {[%emt 00:00:38]}
h6 {[%clk 01:28:17]} {[%emt 00:00:46]} 10. Bh4 {[%clk 01:26:26]} {[%emt
00:00:11]} c6 {[%clk 01:26:58]} {[%emt 00:01:49]} 11. O-O {[%clk 01:26:44]}
{[%emt 00:00:12]} Qc7 {[%clk 01:19:18]} {[%emt 00:08:09]} 12. Rac1 {[%clk
01:15:16]} {[%emt 00:11:58]} Ng4 {[%clk 01:02:33]} {[%emt 00:17:14]} 13. Bg3
{[%clk 01:14:42]} {[%emt 00:01:05]} Qa5 {[%clk 00:56:34]} {[%emt 00:06:27]} 14.
f3 {[%clk 00:57:37]} {[%emt 00:17:37]} Ngf6 {[%clk 00:56:41]} {[%emt 00:00:23]}
15. e4 {[%clk 00:42:53]} {[%emt 00:15:14]} O-O {[%clk 00:45:08]} {[%emt
00:12:02]} 16. e5 {[%clk 00:34:42]} {[%emt 00:08:43]} Nh7 {[%clk 00:36:48]}
{[%emt 00:08:49]} 17. Be1 {[%clk 00:27:50]} {[%emt 00:07:22]} Qa6 {[%clk
00:34:29]} {[%emt 00:02:46]} 18. Qf5 {[%clk 00:22:07]} {[%emt 00:06:01]} Nb6
{[%clk 00:29:38]} {[%emt 00:05:36]} 19. b3 {[%clk 00:16:29]} {[%emt 00:06:08]}
Rac8 {[%clk 00:23:12]} {[%emt 00:06:56]} 20. Qg4 {[%clk 00:12:53]} {[%emt
00:04:04]} g6 {[%clk 00:22:07]} {[%emt 00:01:36]} 21. f4 {[%clk 00:12:03]}
{[%emt 00:01:20]} h5 {[%clk 00:18:14]} {[%emt 00:04:22]} 22. Qg3 {[%clk
00:12:15]} {[%emt 00:00:18]} Nd7 {[%clk 00:17:33]} {[%emt 00:01:12]} 23. f5
{[%clk 00:09:58]} {[%emt 00:02:47]} Kh8 {[%clk 00:16:57]} {[%emt 00:01:06]} 24.
fxg6 {[%clk 00:07:52]} {[%emt 00:02:38]} fxg6 {[%clk 00:15:46]} {[%emt
00:01:41]} 25. Qxg6 {[%clk 00:07:38]} {[%emt 00:00:43]} Rg8 {[%clk 00:15:31]}
{[%emt 00:00:41]} 26. Qe6 {[%clk 00:06:42]} {[%emt 00:01:28]} 1-0

[Event "DEM U14w 2023"]
[Site "Willingen GER"]
[Date "2023.06.03"]
[Round "9"]
[White "Ignatova, Gabriela"]
[Black "Dodul, Alice"]
[Result "1/2-1/2"]
[Termination "normal"]
[Board "12"]
[WhiteElo "1146"]
[BlackElo "1430"]
[WhiteClock "01:23:11"]
[BlackClock "01:17:55"]
[PlyCount "41"]
[WhiteFideId "34623698"]
[BlackFideId "34623817"]
[EventCountry "GER"]
[EventRounds "9"]
[EventType "swiss"]
[EventDate "2023.05.27"]

1. e4 {[%clk 01:30:57]} {[%emt 00:00:02]} e5 {[%clk 01:30:55]} {[%emt
00:00:05]} 2. Nf3 {[%clk 01:31:22]} {[%emt 00:00:08]} Nc6 {[%clk 01:31:20]}
{[%emt 00:00:02]} 3. Bc4 {[%clk 01:31:47]} {[%emt 00:00:05]} Bc5 {[%clk
01:31:45]} {[%emt 00:00:05]} 4. d4 {[%clk 01:32:13]} {[%emt 00:00:05]} Bxd4
{[%clk 01:30:33]} {[%emt 00:01:43]} 5. Nxd4 {[%clk 01:29:07]} {[%emt 00:03:35]}
Nxd4 {[%clk 01:30:39]} {[%emt 00:00:23]} 6. Be3 {[%clk 01:29:23]} {[%emt
00:00:14]} Nc6 {[%clk 01:30:46]} {[%emt 00:00:23]} 7. Qg4 {[%clk 01:27:54]}
{[%emt 00:01:56]} Qf6 {[%clk 01:28:47]} {[%emt 00:02:32]} 8. Nc3 {[%clk
01:27:00]} {[%emt 00:01:25]} d5 {[%clk 01:28:11]} {[%emt 00:01:05]} 9. Qg3
{[%clk 01:27:10]} {[%emt 00:00:18]} dxc4 {[%clk 01:26:56]} {[%emt 00:01:47]}
10. Nd5 {[%clk 01:27:30]} {[%emt 00:00:11]} Qg6 {[%clk 01:24:13]} {[%emt
00:03:12]} 11. Qxg6 {[%clk 01:26:40]} {[%emt 00:01:20]} hxg6 {[%clk 01:24:34]}
{[%emt 00:00:08]} 12. Nxc7+ {[%clk 01:27:01]} {[%emt 00:00:09]} Kd8 {[%clk
01:24:33]} {[%emt 00:00:30]} 13. Nxa8 {[%clk 01:27:16]} {[%emt 00:00:17]} Bd7
{[%clk 01:24:27]} {[%emt 00:00:36]} 14. O-O-O {[%clk 01:26:56]} {[%emt
00:00:49]} Nf6 {[%clk 01:24:19]} {[%emt 00:00:38]} 15. Bxa7 {[%clk 01:26:30]}
{[%emt 00:00:57]} Nxa7 {[%clk 01:24:18]} {[%emt 00:00:31]} 16. Nb6 {[%clk
01:26:49]} {[%emt 00:00:10]} Nc6 {[%clk 01:23:59]} {[%emt 00:00:49]} 17. h3
{[%clk 01:26:05]} {[%emt 00:01:15]} Kc7 {[%clk 01:23:15]} {[%emt 00:01:14]} 18.
Nxc4 {[%clk 01:25:46]} {[%emt 00:00:48]} Nxe4 {[%clk 01:20:53]} {[%emt
00:02:53]} 19. Rhe1 {[%clk 01:25:02]} {[%emt 00:01:13]} Nf6 {[%clk 01:18:20]}
{[%emt 00:03:03]} 20. Nxe5 {[%clk 01:23:48]} {[%emt 00:01:44]} Nxe5 {[%clk
01:17:55]} {[%emt 00:00:54]} 21. Rxe5 {[%clk 01:23:11]} {[%emt 00:01:08]}
1/2-1/2

[Event "DEM U14w 2023"]
[Site "Willingen GER"]
[Date "2023.06.03"]
[Round "9"]
[White "Hoffmann, Svenja"]
[Black "Lorenz, Rebecca"]
[Result "1-0"]
[Termination "normal"]
[Board "13"]
[WhiteElo "1491"]
[BlackElo "770"]
[WhiteClock "01:22:24"]
[BlackClock "00:08:46"]
[PlyCount "105"]
[WhiteFideId "16287312"]
[BlackFideId "34610944"]
[EventCountry "GER"]
[EventRounds "9"]
[EventType "swiss"]
[EventDate "2023.05.27"]

1. e4 {[%clk 01:30:57]} {[%emt 00:00:03]} e5 {[%clk 01:30:54]} {[%emt
00:00:05]} 2. Nf3 {[%clk 01:31:19]} {[%emt 00:00:08]} Nc6 {[%clk 01:31:15]}
{[%emt 00:00:09]} 3. Bc4 {[%clk 01:31:40]} {[%emt 00:00:10]} Bc5 {[%clk
01:31:10]} {[%emt 00:00:35]} 4. c3 {[%clk 01:32:04]} {[%emt 00:00:10]} d6
{[%clk 01:28:32]} {[%emt 00:03:04]} 5. d4 {[%clk 01:32:15]} {[%emt 00:00:19]}
exd4 {[%clk 01:28:23]} {[%emt 00:00:39]} 6. cxd4 {[%clk 01:32:28]} {[%emt
00:00:16]} Bb4+ {[%clk 01:26:26]} {[%emt 00:02:26]} 7. Nc3 {[%clk 01:32:45]}
{[%emt 00:00:14]} Bg4 {[%clk 01:22:59]} {[%emt 00:03:58]} 8. Be3 {[%clk
01:31:49]} {[%emt 00:01:25]} Nf6 {[%clk 01:21:27]} {[%emt 00:02:02]} 9. Qd3
{[%clk 01:30:35]} {[%emt 00:01:45]} Qe7 {[%clk 01:18:44]} {[%emt 00:03:09]} 10.
Nd2 {[%clk 01:28:47]} {[%emt 00:02:21]} a6 {[%clk 01:16:34]} {[%emt 00:02:40]}
11. f3 {[%clk 01:28:08]} {[%emt 00:01:09]} Bh5 {[%clk 01:15:56]} {[%emt
00:01:07]} 12. Bg5 {[%clk 01:27:04]} {[%emt 00:01:34]} O-O-O {[%emt 00:05:10]}
13. Nd5 {[%emt 00:05:16]} Qf8 {[%clk 01:05:59]} {[%emt 00:01:03]} 14. Nxf6
{[%emt 00:02:13]} Bg6 {[%emt 00:00:49]} 15. Nd5 {[%emt 00:02:44]} f6 {[%emt
00:01:57]} 16. Be3 {[%emt 00:18:47]} Qe8 {[%emt 00:01:25]} 17. Nxb4 {[%emt
00:01:08]} Nxb4 {[%clk 00:43:09]} {[%emt 00:00:02]} 18. Qb3 {[%emt 00:07:21]}
a5 {[%emt 00:00:22]} 19. a3 {[%emt 00:03:30]} Nc6 {[%emt 00:02:06]} 20. Rc1
{[%emt 00:03:47]} Na7 {[%emt 00:02:53]} 21. d5 {[%clk 01:21:10]} {[%emt
00:00:08]} b6 {[%clk 00:26:21]} {[%emt 00:04:18]} 22. Ba6+ {[%clk 01:21:08]}
{[%emt 00:00:33]} Kd7 {[%clk 00:25:28]} {[%emt 00:01:22]} 23. Qa4+ {[%clk
01:19:05]} {[%emt 00:02:33]} Ke7 {[%clk 00:25:24]} {[%emt 00:00:34]} 24. Rxc7+
{[%clk 01:19:25]} {[%emt 00:00:11]} Rd7 {[%clk 00:25:14]} {[%emt 00:00:36]} 25.
Rxd7+ {[%clk 01:18:18]} {[%emt 00:01:40]} Qxd7 {[%clk 00:25:28]} {[%emt
00:00:17]} 26. Qxd7+ {[%clk 01:18:30]} {[%emt 00:00:18]} Kxd7 {[%clk 00:25:45]}
{[%emt 00:00:13]} 27. Bxb6 {[%clk 01:18:49]} {[%emt 00:00:11]} Nc8 {[%clk
00:25:01]} {[%emt 00:01:12]} 28. Bb5+ {[%clk 01:18:48]} {[%emt 00:00:33]} Ke7
{[%clk 00:25:09]} {[%emt 00:00:22]} 29. Bxa5 {[%clk 01:19:11]} {[%emt
00:00:06]} Be8 {[%clk 00:24:09]} {[%emt 00:01:29]} 30. Bc4 {[%clk 01:17:50]}
{[%emt 00:01:52]} h5 {[%clk 00:24:09]} {[%emt 00:00:30]} 31. b4 {[%clk
01:17:48]} {[%emt 00:00:33]} g5 {[%clk 00:23:46]} {[%emt 00:00:53]} 32. Kf2
{[%clk 01:18:04]} {[%emt 00:00:14]} g4 {[%clk 00:22:52]} {[%emt 00:01:22]} 33.
b5 {[%clk 01:18:24]} {[%emt 00:00:12]} gxf3 {[%clk 00:22:30]} {[%emt 00:00:51]}
34. Nxf3 {[%clk 01:18:46]} {[%emt 00:00:09]} h4 {[%clk 00:21:24]} {[%emt
00:01:35]} 35. b6 {[%clk 01:19:11]} {[%emt 00:00:06]} Nxb6 {[%clk 00:21:25]}
{[%emt 00:00:29]} 36. Bxb6 {[%clk 01:19:30]} {[%emt 00:00:11]} Bd7 {[%clk
00:21:45]} {[%emt 00:00:08]} 37. Ra1 {[%clk 01:19:52]} {[%emt 00:00:10]} h3
{[%clk 00:21:07]} {[%emt 00:01:07]} 38. g3 {[%clk 01:20:15]} {[%emt 00:00:08]}
Kf7 {[%clk 00:21:00]} {[%emt 00:00:36]} 39. a4 {[%clk 01:20:30]} {[%emt
00:00:16]} Bxa4 {[%clk 00:21:11]} {[%emt 00:00:19]} 40. Rxa4 {[%clk 01:20:50]}
{[%emt 00:00:10]} Kg6 {[%clk 00:21:05]} {[%emt 00:00:34]} 41. Bc7 {[%clk
01:21:01]} {[%emt 00:00:21]} f5 {[%clk 00:20:54]} {[%emt 00:00:38]} 42. Nh4+
{[%clk 01:21:06]} {[%emt 00:00:27]} Kg5 {[%clk 00:20:29]} {[%emt 00:00:54]} 43.
Nxf5 {[%clk 01:21:21]} {[%emt 00:00:16]} Kg4 {[%clk 00:19:12]} {[%emt
00:01:42]} 44. Bxd6 {[%clk 01:21:18]} {[%emt 00:00:39]} Re8 {[%clk 00:09:03]}
{[%emt 00:10:35]} 45. Be2+ {[%clk 01:21:31]} {[%emt 00:00:21]} Kg5 {[%clk
00:08:51]} {[%emt 00:00:41]} 46. Bf4+ {[%clk 01:21:28]} {[%emt 00:00:33]} Kf6
{[%clk 00:08:39]} {[%emt 00:00:40]} 47. Ra6+ {[%clk 01:21:49]} {[%emt
00:00:12]} Kf7 {[%clk 00:08:35]} {[%emt 00:00:32]} 48. Nd6+ {[%clk 01:22:06]}
{[%emt 00:00:14]} Kf8 {[%clk 00:07:54]} {[%emt 00:01:11]} 49. Nxe8 {[%clk
01:22:17]} {[%emt 00:00:20]} Kxe8 {[%clk 00:08:12]} {[%emt 00:00:11]} 50. Ra7
{[%clk 01:22:29]} {[%emt 00:00:19]} Kd8 {[%clk 00:08:24]} {[%emt 00:00:16]} 51.
Bb5 {[%clk 01:21:55]} {[%emt 00:01:06]} Kc8 {[%clk 00:08:42]} {[%emt 00:00:11]}
52. Bd6 {[%clk 01:22:01]} {[%emt 00:00:26]} Kd8 {[%clk 00:08:46]} {[%emt
00:00:24]} 53. Ra8# {[%clk 01:22:24]} {[%emt 00:00:07]} 1-0